[Event "Europa tch 2011 femenino"]
[Site "Porto Carras"]
[Date "2011.11.11"]
[Round "9.3"]
[White "Milliet, Sophie"]
[Black "Zhukova, Natalia"]
[Result "1-0"]
[WhiteElo "2386"]
[BlackElo "2427"]
[PlyCount "85"]
[EventDate "2011.11.03"]
[EventType "team"]
[EventRounds "9"]
[EventCountry "GRE"]
[Source "lmi"]
[SourceDate "2011.11.03"]
[WhiteTeam "France"]
[BlackTeam "Ukraine"]
[WhiteTeamCountry "FRA"]
[BlackTeamCountry "UKR"]

1. e4 e6 2. d4 d5 3. Nc3 Nf6 4. e5 Nfd7 5. f4 c5 6. Nf3 Nc6 7. Be3 a6 8. Qd2 b5
9. a3 Qb6 10. Ne2 b4 11. axb4 Qxb4 12. Qxb4 Nxb4 13. Kd2 Bb7 14. g4 f6 15. Bh3
Be7 16. exf6 gxf6 17. g5 f5 18. Bg2 Nc6 19. dxc5 Nxc5 20. Ned4 Nd8 21. c3 Nf7
22. Kc2 Kd7 23. h4 Bd6 24. h5 Rhg8 25. Rag1 a5 26. Bf1 h6 27. g6 Nd8 28. g7 Nf7
29. Rg6 Ba6 30. Bxa6 Rxa6 31. Nb5 Ne4 32. Nxd6 Rxd6 33. Ne5+ Ke7 34. Bd4 Nxe5
35. Bxe5 Ra6 36. Rxh6 Nf2 37. Rg1 Ng4 38. Rg6 Kf7 39. R1xg4 fxg4 40. Rf6+ Ke7
41. h6 Raa8 42. Rg6 Kf7 43. Rxg4 1-0

[Event "Europa tch 2011 femenino"]
[Site "Porto Carras"]
[Date "2011.11.11"]
[Round "9.3"]
[White "Muzychuk, Mariya"]
[Black "Leconte, Maria"]
[Result "1/2-1/2"]
[WhiteElo "2460"]
[BlackElo "2282"]
[PlyCount "58"]
[EventDate "2011.11.03"]
[EventType "team"]
[EventRounds "9"]
[EventCountry "GRE"]
[Source "lmi"]
[SourceDate "2011.11.03"]
[WhiteTeam "Ukraine"]
[BlackTeam "France"]
[WhiteTeamCountry "UKR"]
[BlackTeamCountry "FRA"]

1. e4 c5 2. Nf3 Nc6 3. d4 cxd4 4. Nxd4 g6 5. c4 Bg7 6. Be3 Nf6 7. Nc3 d6 8. Be2
O-O 9. O-O Bd7 10. Nb3 a5 11. Rc1 a4 12. Nd2 a3 13. bxa3 Rxa3 14. Ndb1 Ra8 15.
a4 Qa5 16. Na3 Ne5 17. Nab5 Rfc8 18. c5 Neg4 19. cxd6 Nxe3 20. fxe3 exd6 21.
Qxd6 Bxb5 22. Nxb5 Rxc1 23. Rxc1 Nxe4 24. Qd5 Qd2 25. Qxd2 Nxd2 26. Nd6 Bh6 27.
Kf2 Rxa4 28. Rc8+ Bf8 29. Nxb7 Ne4+ 1/2-1/2

[Event "Europa tch 2011 femenino"]
[Site "Porto Carras"]
[Date "2011.11.11"]
[Round "9.3"]
[White "Ushenina, Anna"]
[Black "Maisuradze, Nino"]
[Result "1/2-1/2"]
[WhiteElo "2463"]
[BlackElo "2315"]
[PlyCount "80"]
[EventDate "2011.11.03"]
[EventType "team"]
[EventRounds "9"]
[EventCountry "GRE"]
[Source "lmi"]
[SourceDate "2011.11.03"]
[WhiteTeam "Ukraine"]
[BlackTeam "France"]
[WhiteTeamCountry "UKR"]
[BlackTeamCountry "FRA"]

1. d4 d5 2. c4 e6 3. Nf3 Be7 4. g3 Nf6 5. Bg2 O-O 6. O-O dxc4 7. Qc2 a6 8. a4
Bd7 9. Nbd2 Bc6 10. a5 Nbd7 11. Rd1 b5 12. axb6 cxb6 13. b3 c3 14. Qxc3 Rc8 15.
Qd3 Bb5 16. Nc4 a5 17. Bb2 Nd5 18. Rdc1 Nb4 19. Qd2 Bc6 20. Qf4 Nf6 21. Bf1 Bd5
22. Nfd2 Nh5 23. Qg4 Nf6 24. Qf4 Nh5 25. Qe5 f5 26. Bg2 Nc6 27. Qe3 f4 28. Qd3
Nb4 29. Qb1 Bg5 30. Rd1 b5 31. Bxd5 exd5 32. Ne5 Nc2 33. Ra2 Nb4 34. Ra1 Nc2
35. Ra2 fxg3 36. hxg3 Nb4 37. Ra1 Nc2 38. Ra2 Nb4 39. Ra1 Nc2 40. Ra2 Nb4
1/2-1/2

[Event "Europa tch 2011 femenino"]
[Site "Porto Carras"]
[Date "2011.11.11"]
[Round "9.4"]
[White "Bulmaga, Irina"]
[Black "Khurtsidze, Nino"]
[Result "1-0"]
[WhiteElo "2334"]
[BlackElo "2440"]
[PlyCount "129"]
[EventDate "2011.11.03"]
[EventType "team"]
[EventRounds "9"]
[EventCountry "GRE"]
[Source "lmi"]
[SourceDate "2011.11.03"]
[WhiteTeam "Romania"]
[BlackTeam "Georgia"]
[WhiteTeamCountry "ROM"]
[BlackTeamCountry "GEO"]

1. e4 d5 2. exd5 Qxd5 3. Nc3 Qd6 4. d4 Nf6 5. Nf3 a6 6. g3 Bg4 7. Bg2 Nc6 8.
O-O O-O-O 9. d5 Nb4 10. h3 Bxf3 11. Qxf3 Nbxd5 12. Nxd5 Qxd5 13. Qe3 Qd4 14.
Qb3 Qb6 15. Qxf7 e5 16. Be3 Bc5 17. Bxc5 Qxc5 18. Qxg7 Rdf8 19. b4 Qb6 20. Qg5
Rhg8 21. Qxe5 h5 22. c4 Nd7 23. Qc3 h4 24. c5 Qf6 25. Qxf6 Rxf6 26. Rae1 c6 27.
Re3 a5 28. a3 Rf5 29. Rfe1 axb4 30. axb4 Nf6 31. g4 Rf4 32. b5 cxb5 33. Re7 Nd7
34. c6 bxc6 35. Bxc6 Nf6 36. Ra1 Ra4 37. Rxa4 bxa4 38. Bxa4 Kd8 39. Ra7 Rg5 40.
Bc2 Rc5 41. Rf7 Nxg4 42. hxg4 Rxc2 43. Rh7 Ke8 44. Rxh4 Kf7 45. Kg2 Kg6 46. Rh5
Rc3 47. Ra5 Rb3 48. f3 Rc3 49. Kg3 Rb3 50. g5 Kh5 51. Kf4 Rb8 52. Re5 Ra8 53.
Re6 Ra4+ 54. Kf5 Ra5+ 55. Kf6 Ra4 56. g6 Kh6 57. g7 Kh7 58. Re8 Ra6+ 59. Kf7
Ra7+ 60. Re7 Ra8 61. f4 Rg8 62. f5 Rxg7+ 63. Ke6 Kg8 64. Rxg7+ Kxg7 65. Ke7 1-0

[Event "Europa tch 2011 femenino"]
[Site "Porto Carras"]
[Date "2011.11.11"]
[Round "9.4"]
[White "Foisor, Cristina-Adela"]
[Black "Dzagnidze, Nana"]
[Result "0-1"]
[WhiteElo "2418"]
[BlackElo "2516"]
[PlyCount "144"]
[EventDate "2011.11.03"]
[EventType "team"]
[EventRounds "9"]
[EventCountry "GRE"]
[Source "lmi"]
[SourceDate "2011.11.03"]
[WhiteTeam "Romania"]
[BlackTeam "Georgia"]
[WhiteTeamCountry "ROM"]
[BlackTeamCountry "GEO"]

1. Nf3 f5 2. g3 Nf6 3. Bg2 g6 4. b3 Bg7 5. Bb2 O-O 6. O-O d6 7. d4 Na6 8. c4 c6
9. Nbd2 Rb8 10. a3 b5 11. Qc2 Kh8 12. Ra2 Nc7 13. Bc3 Qe8 14. e3 Be6 15. Ba5
Na8 16. Rc1 Bg8 17. c5 Rc8 18. Ne1 Bd5 19. Nd3 Nc7 20. Nf4 Bxg2 21. Kxg2 Ncd5
22. Nf3 Bh6 23. h4 Qf7 24. Raa1 Ne4 25. Re1 Ndf6 26. Rad1 Ng4 27. Nh3 Qd5 28.
Re2 Rb8 29. Rd3 Rb7 30. Nf4 Bxf4 31. exf4 Rd7 32. cxd6 exd6 33. Kg1 Re7 34. Ne1
Rfe8 35. Ng2 Kg8 36. Be1 Nef6 37. Rxe7 Rxe7 38. f3 Nh6 39. Bf2 Nf7 40. Ne3 Qxf3
41. Nxf5 Re2 42. Rxf3 Rxc2 43. Ne7+ Kf8 44. Nc8 a6 45. Nb6 Nh6 46. d5 c5 47. b4
Nf5 48. bxc5 dxc5 49. g4 Nxg4 50. Bxc5+ Ke8 51. Bb4 Nfe3 52. Rxe3+ Nxe3 53. d6
Kd8 54. Ba5 Nf5 55. Bb4 Rc6 56. d7 Nxh4 57. Ba5 Rc2 58. Kf1 Nf3 59. Nd5+ Kxd7
60. Nf6+ Ke6 61. Nxh7 Kf5 62. Nf8 Kxf4 63. Nxg6+ Kg3 64. Be1+ Nxe1 65. Kxe1 Ra2
66. Ne5 Kf4 67. Nc6 Ke3 68. Kd1 Rxa3 69. Kc2 a5 70. Kb2 b4 71. Kb1 Kd3 72. Kb2
Kc4 0-1

[Event "Europa tch 2011 femenino"]
[Site "Porto Carras"]
[Date "2011.11.11"]
[Round "9.4"]
[White "Javakhishvili, Lela"]
[Black "Cosma, Elena-Luminita"]
[Result "1/2-1/2"]
[WhiteElo "2475"]
[BlackElo "2335"]
[PlyCount "92"]
[EventDate "2011.11.03"]
[EventType "team"]
[EventRounds "9"]
[EventCountry "GRE"]
[Source "lmi"]
[SourceDate "2011.11.03"]
[WhiteTeam "Georgia"]
[BlackTeam "Romania"]
[WhiteTeamCountry "GEO"]
[BlackTeamCountry "ROM"]

1. c4 e6 2. Nf3 d5 3. g3 Nf6 4. Bg2 dxc4 5. Qa4+ c6 6. Qxc4 b5 7. Qc2 Bb7 8.
O-O Nbd7 9. d3 Rc8 10. b3 Be7 11. Bb2 O-O 12. e4 c5 13. Nc3 a6 14. h3 h6 15.
Rad1 Qb6 16. Kh1 Rfd8 17. Qe2 c4 18. dxc4 bxc4 19. e5 Nh7 20. bxc4 Qc5 21. Ne4
Bxe4 22. Qxe4 Qxc4 23. Qxc4 Rxc4 24. Rd2 Rcc8 25. Rfd1 Nb8 26. Rxd8+ Rxd8 27.
Rc1 Nf8 28. Bf1 Ng6 29. Rc7 Bf8 30. Kg2 Ne7 31. Nd4 Nd5 32. Rc1 g5 33. a3 Bg7
34. Nf3 Bf8 35. Rc2 Nb6 36. h4 Na4 37. Bc1 gxh4 38. Be3 hxg3 39. Rc4 Nb2 40.
Rg4+ Kh8 41. fxg3 Nd1 42. Bb6 Rc8 43. Rf4 Kg8 44. Rg4+ Kh8 45. Rf4 Kg8 46. Rg4+
Kh8 1/2-1/2

[Event "Europa tch 2011 femenino"]
[Site "Porto Carras"]
[Date "2011.11.11"]
[Round "9.4"]
[White "Melia, Salome"]
[Black "Voicu Jagodzinsky, Carmen"]
[Result "1-0"]
[WhiteElo "2392"]
[BlackElo "2300"]
[PlyCount "123"]
[EventDate "2011.11.03"]
[EventType "team"]
[EventRounds "9"]
[EventCountry "GRE"]
[Source "lmi"]
[SourceDate "2011.11.03"]
[WhiteTeam "Georgia"]
[BlackTeam "Romania"]
[WhiteTeamCountry "GEO"]
[BlackTeamCountry "ROM"]

1. e4 c5 2. Nf3 e6 3. c3 d5 4. exd5 exd5 5. d4 c4 6. b3 cxb3 7. axb3 Bd6 8. Bd3
Ne7 9. O-O Bg4 10. Re1 Nbc6 11. Nbd2 h6 12. h3 Be6 13. Ne5 Nxe5 14. dxe5 Bc5
15. Nf3 O-O 16. Nd4 Bxd4 17. cxd4 Nf5 18. Bb1 Qh4 19. Bb2 Rfc8 20. Qd3 g6 21.
Rd1 Rc7 22. b4 Rc4 23. b5 Ng7 24. Ba2 Bf5 25. Qe2 Rc2 26. Rd2 Rac8 27. Bb3 Rxd2
28. Qxd2 Ne6 29. Qe3 Nf4 30. Rc1 Qg5 31. Rxc8+ Bxc8 32. Qf3 Bxh3 33. g3 Ne6 34.
Bxd5 Qd2 35. Bc3 Qc1+ 36. Kh2 Ng5 37. Qe3 Qf1 38. f4 Ne6 39. Qf3 b6 40. Qxf1
Bxf1 41. Bc6 Nd8 42. d5 a6 43. Bd4 axb5 44. Ba8 Kf8 45. Bxb6 Ke8 46. Ba5 Bd3
47. Kg1 Kd7 48. Kf2 Bf5 49. Ke3 Kc8 50. Bxd8 Kxd8 51. Kd4 Kc7 52. Bc6 Kd8 53.
Bxb5 g5 54. fxg5 hxg5 55. d6 Bg4 56. Bc4 Bh5 57. e6 fxe6 58. Ke5 Bd1 59. Bxe6
Ke8 60. g4 Kf8 61. Kf6 Bc2 62. d7 1-0

[Event "Europa tch 2011 femenino"]
[Site "Porto Carras"]
[Date "2011.11.11"]
[Round "9.5"]
[White "Efroimski, Marsel"]
[Black "Levushkina, Elena"]
[Result "0-1"]
[WhiteElo "2230"]
[BlackElo "2307"]
[PlyCount "176"]
[EventDate "2011.11.03"]
[EventType "team"]
[EventRounds "9"]
[EventCountry "GRE"]
[Source "lmi"]
[SourceDate "2011.11.03"]
[WhiteTeam "Israel"]
[BlackTeam "Germany"]
[WhiteTeamCountry "ISR"]
[BlackTeamCountry "GER"]

1. e4 e5 2. Nf3 Nf6 3. Nc3 Nc6 4. Bb5 Bb4 5. O-O O-O 6. d3 d6 7. Bg5 Bxc3 8.
bxc3 a6 9. Ba4 h6 10. Bh4 Qe7 11. Qd2 Kh7 12. Rfe1 Rg8 13. d4 Bg4 14. Qe3 Na5
15. Nd2 b5 16. Bb3 g5 17. Bg3 Nh5 18. a4 Nxb3 19. Nxb3 Nf4 20. axb5 axb5 21.
Rxa8 Rxa8 22. f3 Be6 23. d5 Bd7 24. Bxf4 gxf4 25. Qe2 Qd8 26. Ra1 Ra4 27. h3
Qa8 28. Rd1 Ra2 29. Nc1 Ra1 30. Nb3 Ra2 31. Nc1 Ra1 32. Nb3 Qa7+ 33. Kf1 Ra4
34. Qf2 Qxf2+ 35. Kxf2 f5 36. Nd2 Ra3 37. Nb1 Ra2 38. Rc1 fxe4 39. fxe4 Ra1 40.
Re1 Be8 41. Nd2 Ra2 42. Rc1 Ra3 43. c4 bxc4 44. Nxc4 Rc3 45. Nd2 Ba4 46. Ra1
Rxc2 47. Ke1 Bb5 48. Ra8 Rc3 49. Rb8 Re3+ 50. Kd1 Ba4+ 51. Kc1 Re1+ 52. Kb2 Re2
53. Kc3 Rxg2 54. Rc8 Rg7 55. Kb4 Bd1 56. Kb5 Rg2 57. Rxc7+ Kg8 58. Nc4 f3 59.
Ne3 Rb2+ 60. Kc6 f2 61. Nxd1 f1=Q 62. Nxb2 Qa6+ 63. Kd7 Qb5+ 64. Kxd6 Qxb2 65.
Ke7 Qf2 66. d6 Qh4+ 67. Ke6 Qxh3+ 68. Kxe5 Kf8 69. Kd5 Qd3+ 70. Ke5 h5 71. Rc8+
Kf7 72. Rc7+ Ke8 73. Re7+ Kf8 74. Ke6 Qxe4+ 75. Kd7 Qb7+ 76. Kd8 Qb6+ 77. Kd7
h4 78. Re8+ Kf7 79. Rc8 h3 80. Rc6 Qb5 81. Kc7 h2 82. d7 Qxc6+ 83. Kxc6 h1=Q+
84. Kc7 Qc1+ 85. Kd8 Qg5+ 86. Kc8 Qc5+ 87. Kd8 Ke6 88. Ke8 Qe7# 0-1

[Event "Europa tch 2011 femenino"]
[Site "Porto Carras"]
[Date "2011.11.11"]
[Round "9.5"]
[White "Hoolt, Sarah"]
[Black "Vasiliev, Olga"]
[Result "0-1"]
[WhiteElo "2286"]
[BlackElo "2305"]
[PlyCount "78"]
[EventDate "2011.11.03"]
[EventType "team"]
[EventRounds "9"]
[EventCountry "GRE"]
[Source "lmi"]
[SourceDate "2011.11.03"]
[WhiteTeam "Germany"]
[BlackTeam "Israel"]
[WhiteTeamCountry "GER"]
[BlackTeamCountry "ISR"]

1. e4 c5 2. Nf3 Nc6 3. Bb5 d6 4. Bxc6+ bxc6 5. O-O Bg4 6. h3 Bh5 7. e5 d5 8. d3
e6 9. Re1 Be7 10. Nbd2 g5 11. Nf1 Bg6 12. Qd2 h6 13. a4 Rb8 14. a5 h5 15. Nxg5
Bxg5 16. Qxg5 Qxg5 17. Bxg5 Rxb2 18. Reb1 Rb5 19. Ne3 Ne7 20. Bf6 Rg8 21. c4
dxc4 22. Nxc4 Bxd3 23. Nd6+ Kf8 24. Rd1 c4 25. Nxc4 Rd5 26. Rxd3 Rxd3 27. Rb1
Ke8 28. Nd6+ Rxd6 29. exd6 Nd5 30. Rb8+ Kd7 31. Rxg8 Nxf6 32. Ra8 a6 33. Rxa6
Kxd6 34. Ra7 Nd7 35. Rxd7+ Kxd7 36. a6 Kc7 37. a7 Kb7 38. a8=Q+ Kxa8 39. g4 h4
0-1

[Event "Europa tch 2011 femenino"]
[Site "Porto Carras"]
[Date "2011.11.11"]
[Round "9.5"]
[White "Klinova, Masha"]
[Black "Michna, Marta"]
[Result "1-0"]
[WhiteElo "2316"]
[BlackElo "2382"]
[PlyCount "69"]
[EventDate "2011.11.03"]
[EventType "team"]
[EventRounds "9"]
[EventCountry "GRE"]
[Source "lmi"]
[SourceDate "2011.11.03"]
[WhiteTeam "Israel"]
[BlackTeam "Germany"]
[WhiteTeamCountry "ISR"]
[BlackTeamCountry "GER"]

1. e4 e6 2. Nf3 b6 3. d4 Bb7 4. Bd3 d6 5. O-O Nd7 6. Qe2 a6 7. Nc3 g6 8. Bf4
Bg7 9. Rad1 Ne7 10. e5 d5 11. Nb1 c5 12. c3 h6 13. h4 c4 14. Bc2 b5 15. a4 bxa4
16. Bxa4 Bc6 17. Bc2 Rb8 18. Bc1 Nb6 19. h5 Kd7 20. Nfd2 Na4 21. b3 cxb3 22.
Bxb3 Qa5 23. Qf3 g5 24. Ba3 Ke8 25. Bxe7 Kxe7 26. c4 Rhd8 27. cxd5 exd5 28. Rc1
Rbc8 29. Ne4 Be8 30. Nd6 Rb8 31. Bxd5 Rxd6 32. exd6+ Kd8 33. Bxf7 Bd7 34. Rfe1
g4 35. Qe3 1-0

[Event "Europa tch 2011 femenino"]
[Site "Porto Carras"]
[Date "2011.11.11"]
[Round "9.5"]
[White "Ohme, Melanie"]
[Black "Porat, Maya"]
[Result "1-0"]
[WhiteElo "2361"]
[BlackElo "2299"]
[PlyCount "101"]
[EventDate "2011.11.03"]
[EventType "team"]
[EventRounds "9"]
[EventCountry "GRE"]
[Source "lmi"]
[SourceDate "2011.11.03"]
[WhiteTeam "Germany"]
[BlackTeam "Israel"]
[WhiteTeamCountry "GER"]
[BlackTeamCountry "ISR"]

1. e4 c5 2. Nf3 e6 3. b3 Nc6 4. Bb2 Nf6 5. e5 Nd5 6. Nc3 Nxc3 7. Bxc3 Be7 8.
Bd3 O-O 9. h4 d5 10. exd6 Bf6 11. Ng5 h6 12. Ne4 Bxc3 13. dxc3 f5 14. Nxc5 Qxd6
15. Na4 Ne5 16. Be2 Qc6 17. Qd4 Qxg2 18. O-O-O Nc6 19. Qe3 f4 20. Qf3 Qxf3 21.
Bxf3 Ne5 22. Be4 Ng4 23. Rd2 Rb8 24. Re1 b6 25. c4 Nf6 26. Bc6 Kf7 27. c5 bxc5
28. Nxc5 Rb6 29. Nd3 g5 30. Ne5+ Kg7 31. hxg5 hxg5 32. Rg1 Nh7 33. Be4 Rb5 34.
Nf3 Rg8 35. a4 Ra5 36. Kb2 Nf6 37. Nxg5 e5 38. Bc6 Bg4 39. Ne4 Kf7 40. Nxf6
Kxf6 41. Bb5 e4 42. b4 Rxb5 43. axb5 e3 44. fxe3 fxe3 45. Rdg2 Kf5 46. c4 Kf4
47. Kc1 e2 48. Rxe2 Rc8 49. Rf1+ Bf3 50. Ref2 Rxc4+ 51. Kd2 1-0

[Event "Europa tch 2011 femenino"]
[Site "Porto Carras"]
[Date "2011.11.11"]
[Round "9.6"]
[White "Nikolova, Adriana"]
[Black "Olsarova, Tereza"]
[Result "1-0"]
[WhiteElo "2286"]
[BlackElo "2232"]
[PlyCount "149"]
[EventDate "2011.11.03"]
[EventType "team"]
[EventRounds "9"]
[EventCountry "GRE"]
[Source "lmi"]
[SourceDate "2011.11.03"]
[WhiteTeam "Bulgaria"]
[BlackTeam "Czech Republic"]
[WhiteTeamCountry "BUL"]
[BlackTeamCountry "CZE"]

1. e4 e5 2. Nf3 Nc6 3. Bb5 a6 4. Ba4 Nf6 5. d3 b5 6. Bb3 Be7 7. O-O O-O 8. a4
Bb7 9. Re1 d6 10. Nbd2 Nd7 11. c3 Nc5 12. Bc2 d5 13. axb5 axb5 14. Rxa8 Bxa8
15. exd5 Qxd5 16. d4 exd4 17. cxd4 Nd7 18. Bb3 Qd6 19. Ne4 Qg6 20. Ng3 Bb4 21.
Bc2 Qd6 22. Qd3 g6 23. Re2 Rd8 24. Ne4 Qf8 25. Qxb5 Be7 26. Bf4 Nb4 27. Bb1 Bc6
28. Qc4 Nb6 29. Qc1 N4d5 30. Bh6 Qe8 31. Nc3 Bd7 32. Ne5 Be6 33. Nd3 Bf6 34.
Nxd5 Nxd5 35. Ne5 Qa4 36. Be4 Bxe5 37. Bxd5 Bxh2+ 38. Kxh2 Rxd5 39. Be3 c5 40.
Rd2 cxd4 41. Bf4 d3 42. Qc7 Qe4 43. Bg5 h6 44. Qf4 Qe1 45. Bf6 Kh7 46. Qb8 Rh5+
47. Kg3 Rh3+ 48. gxh3 Qg1+ 49. Kf3 Bd5+ 50. Ke3 Qe1+ 51. Kd4 Qe4+ 52. Kc5 Qc4+
53. Kd6 Qc6+ 54. Ke7 Qe6+ 55. Kf8 Qxf6 56. Qc7 Qa6 57. Qe5 Qc8+ 58. Ke7 Qc5+
59. Qd6 Qa7+ 60. Kf8 Qa8+ 61. Ke7 Qa7+ 62. Kf8 Qd4 63. b4 Qg7+ 64. Ke7 Qd4 65.
b5 Qa7+ 66. Kf6 Qd4+ 67. Ke7 Qe4+ 68. Kf8 Bc4 69. b6 Bb5 70. Kxf7 Bc4+ 71. Kf8
Qf5+ 72. Ke8 Qc8+ 73. Ke7 Qb7+ 74. Qd7 Qe4+ 75. Kf8+ 1-0

[Event "Europa tch 2011 femenino"]
[Site "Porto Carras"]
[Date "2011.11.11"]
[Round "9.6"]
[White "Videnova, Iva"]
[Black "Nemcova, Katerina"]
[Result "1/2-1/2"]
[WhiteElo "2297"]
[BlackElo "2276"]
[PlyCount "54"]
[EventDate "2011.11.03"]
[EventType "team"]
[EventRounds "9"]
[EventCountry "GRE"]
[Source "lmi"]
[SourceDate "2011.11.03"]
[WhiteTeam "Bulgaria"]
[BlackTeam "Czech Republic"]
[WhiteTeamCountry "BUL"]
[BlackTeamCountry "CZE"]

1. e4 e5 2. Nf3 Nc6 3. Bb5 a6 4. Ba4 Nf6 5. O-O b5 6. Bb3 Bb7 7. d3 Be7 8. a4
O-O 9. Re1 h6 10. Nbd2 Re8 11. Nf1 Bf8 12. Ne3 Na5 13. Ba2 b4 14. Bd2 c5 15. c3
Rc8 16. Rc1 Qb6 17. Nc4 Nxc4 18. Bxc4 bxc3 19. Bxc3 d6 20. a5 Qc7 21. Qb3 Rb8
22. Qa2 Bc8 23. Nh4 Be6 24. Qa4 Qb7 25. Qc2 Nh5 26. g3 Be7 27. Nf5 Bxf5 1/2-1/2

[Event "Europa tch 2011 femenino"]
[Site "Porto Carras"]
[Date "2011.11.11"]
[Round "9.7"]
[White "Muzychuk, Anna"]
[Black "Bojkovic, Natasa"]
[Result "1-0"]
[WhiteElo "2557"]
[BlackElo "2396"]
[PlyCount "61"]
[EventDate "2011.11.03"]
[EventType "team"]
[EventRounds "9"]
[EventCountry "GRE"]
[Source "lmi"]
[SourceDate "2011.11.03"]
[WhiteTeam "Slovenia"]
[BlackTeam "Serbia"]
[WhiteTeamCountry "SLO"]
[BlackTeamCountry "SER"]

1. e4 c5 2. Nf3 e6 3. d4 cxd4 4. Nxd4 a6 5. c4 Bc5 6. Nc3 d6 7. Be3 Ne7 8. Qd2
O-O 9. Rd1 Qc7 10. Be2 Rd8 11. O-O Nbc6 12. Nc2 e5 13. Nd5 Nxd5 14. cxd5 Bxe3
15. Qxe3 Ne7 16. Rc1 Qa5 17. b4 Qxa2 18. Na3 Qb2 19. Nc4 Qxb4 20. Nb6 Rb8 21.
Rc4 Qb2 22. Rfc1 Kf8 23. Rc7 h6 24. Bd1 Qd4 25. Qxd4 exd4 26. f4 f5 27. e5 dxe5
28. fxe5 Nxd5 29. Nxd5 Be6 30. Nf4 Re8 31. Bh5 1-0

[Event "Europa tch 2011 femenino"]
[Site "Porto Carras"]
[Date "2011.11.11"]
[Round "9.7"]
[White "Srebrnic, Ana"]
[Black "Stojanovic, Andjelija"]
[Result "0-1"]
[WhiteElo "2219"]
[BlackElo "2280"]
[PlyCount "112"]
[EventDate "2011.11.03"]
[EventType "team"]
[EventRounds "9"]
[EventCountry "GRE"]
[Source "lmi"]
[SourceDate "2011.11.03"]
[WhiteTeam "Slovenia"]
[BlackTeam "Serbia"]
[WhiteTeamCountry "SLO"]
[BlackTeamCountry "SER"]

1. Nf3 d5 2. d4 Bf5 3. c4 e6 4. Nc3 Nc6 5. Bf4 Bd6 6. Bxd6 Qxd6 7. Qa4 Nge7 8.
e3 O-O 9. Be2 dxc4 10. Qxc4 Nd5 11. O-O a6 12. Nxd5 exd5 13. Qc3 Ne7 14. Rac1
c6 15. Qc5 Qf6 16. Ne5 Ng6 17. Nxg6 Qxg6 18. Bf3 Rae8 19. Rc3 Re6 20. Kh1 Qg5
21. g3 Bh3 22. Rfc1 Qf5 23. Bg2 Rh6 24. Qe7 Qxf2 25. Rg1 Bxg2+ 26. Rxg2 Qf1+
27. Rg1 Qf3+ 28. Rg2 Re6 29. Qxb7 Qf1+ 30. Rg1 Qf3+ 31. Rg2 Rxe3 32. Rxe3 Qxe3
33. Qxc6 Qe1+ 34. Rg1 Qe4+ 35. Rg2 Qb1+ 36. Rg1 Qxa2 37. Rf1 Qb3 38. Rf2 Qd1+
39. Kg2 Qxd4 40. Qxa6 Qe4+ 41. Kg1 Re8 42. Qb7 Qe6 43. b4 h5 44. h4 Rc8 45. Kh2
d4 46. Qf3 g6 47. b5 Rc3 48. Qa8+ Kg7 49. Qa7 Qd5 50. Rd2 Rc4 51. Qa1 Qxb5 52.
Rxd4 Qe5 53. Rd1 Rxh4+ 54. Kg2 Qxa1 55. Rxa1 Rb4 56. Ra6 g5 0-1

[Event "Europa tch 2011 femenino"]
[Site "Porto Carras"]
[Date "2011.11.11"]
[Round "9.8"]
[White "Hoang, Thanh Trang"]
[Black "Mamedjarova, Zeinab"]
[Result "1/2-1/2"]
[WhiteElo "2446"]
[BlackElo "2314"]
[PlyCount "115"]
[EventDate "2011.11.03"]
[EventType "team"]
[EventRounds "9"]
[EventCountry "GRE"]
[Source "lmi"]
[SourceDate "2011.11.03"]
[WhiteTeam "Hungary"]
[BlackTeam "Azerbaijan"]
[WhiteTeamCountry "HUN"]
[BlackTeamCountry "AZE"]

1. d4 c5 2. d5 d6 3. e4 g6 4. Nc3 Bg7 5. Be2 Nf6 6. Nf3 O-O 7. O-O a6 8. a4 Qc7
9. Bf4 Bg4 10. e5 Nh5 11. exd6 exd6 12. Bg5 Nd7 13. Qd2 Rfe8 14. Rfe1 Qb6 15.
Rab1 Qb4 16. h3 Bxf3 17. Bxf3 Nhf6 18. Bf4 Ne5 19. Bxe5 dxe5 20. d6 Rad8 21.
Rbd1 Re6 22. Ne4 Qxd2 23. Rxd2 Nxe4 24. Bxe4 Rexd6 25. Rxd6 Rxd6 26. Bxb7 Rb6
27. Bd5 Rxb2 28. Bb3 a5 29. Rd1 c4 30. Rd8+ Bf8 31. Bxc4 Rxc2 32. Bd5 Rc7 33.
Ra8 Rc5 34. Rd8 Kg7 35. Rd7 Be7 36. Bb3 Kf6 37. g4 h6 38. h4 e4 39. Kg2 g5 40.
h5 Rc3 41. Rb7 e3 42. fxe3 Rxe3 43. Rb5 Kg7 44. Bd5 Bd6 45. Kf2 Re5 46. Rxa5 f5
47. Ra7+ Be7 48. Rd7 fxg4 49. a5 Kf6 50. Kg3 Kf5 51. a6 Re3+ 52. Kg2 Bc5 53.
Bc4 Kf4 54. Rc7 Bd4 55. Rf7+ Ke5 56. Re7+ Kf4 57. Rf7+ Ke5 58. Re7+ 1/2-1/2

[Event "Europa tch 2011 femenino"]
[Site "Porto Carras"]
[Date "2011.11.11"]
[Round "9.8"]
[White "Kazimova, Narmin"]
[Black "Rudolf, Anna"]
[Result "1/2-1/2"]
[WhiteElo "2241"]
[BlackElo "2347"]
[PlyCount "49"]
[EventDate "2011.11.03"]
[EventType "team"]
[EventRounds "9"]
[EventCountry "GRE"]
[Source "lmi"]
[SourceDate "2011.11.03"]
[WhiteTeam "Azerbaijan"]
[BlackTeam "Hungary"]
[WhiteTeamCountry "AZE"]
[BlackTeamCountry "HUN"]

1. Nf3 d5 2. d4 Nf6 3. c4 c6 4. e3 Bf5 5. Nc3 e6 6. Nh4 Bg6 7. Nxg6 hxg6 8. a3
Nbd7 9. h3 Bd6 10. Be2 a6 11. Qc2 O-O 12. O-O Qc7 13. c5 Be7 14. f4 a5 15. Bd2
Rfc8 16. Bf3 b6 17. b4 axb4 18. axb4 Qb7 19. Be2 b5 20. Bd3 Rxa1 21. Rxa1 Ra8
22. Rxa8+ Qxa8 23. Qa2 Qxa2 24. Nxa2 Ne4 25. Bxe4 1/2-1/2

[Event "Europa tch 2011 femenino"]
[Site "Porto Carras"]
[Date "2011.11.11"]
[Round "9.8"]
[White "Umudova, Nargiz"]
[Black "Gara, Anita"]
[Result "0-1"]
[WhiteElo "2210"]
[BlackElo "2340"]
[PlyCount "60"]
[EventDate "2011.11.03"]
[EventType "team"]
[EventRounds "9"]
[EventCountry "GRE"]
[Source "lmi"]
[SourceDate "2011.11.03"]
[WhiteTeam "Azerbaijan"]
[BlackTeam "Hungary"]
[WhiteTeamCountry "AZE"]
[BlackTeamCountry "HUN"]

1. e4 c5 2. Nf3 d6 3. d4 cxd4 4. Nxd4 Nf6 5. Nc3 g6 6. Be3 a6 7. f3 b5 8. Qd2
Bb7 9. a4 e5 10. Nb3 b4 11. Na2 a5 12. Bb5+ Nbd7 13. c3 d5 14. Bg5 bxc3 15.
bxc3 Qb6 16. Bxf6 Qxf6 17. Bxd7+ Kxd7 18. O-O Bd6 19. Rfd1 Rhc8 20. Rab1 Bc6
21. exd5 Bxa4 22. c4 Rxc4 23. Rdc1 Rxc1+ 24. Qxc1 Rc8 25. Qe1 Rc2 26. Qxa5 Qf4
27. Nd2 Qd4+ 28. Kh1 Bc7 29. Rb7 Qa1+ 30. Nb1 Qxa2 0-1

[Event "Europa tch 2011 femenino"]
[Site "Porto Carras"]
[Date "2011.11.11"]
[Round "9.9"]
[White "Bensdorp, Marlies"]
[Black "Bhatia, Kanwal K"]
[Result "1-0"]
[WhiteElo "2242"]
[BlackElo "2087"]
[PlyCount "105"]
[EventDate "2011.11.03"]
[EventType "team"]
[EventRounds "9"]
[EventCountry "GRE"]
[Source "lmi"]
[SourceDate "2011.11.03"]
[WhiteTeam "Netherlands"]
[BlackTeam "England"]
[WhiteTeamCountry "NED"]
[BlackTeamCountry "ENG"]

1. d4 Nf6 2. c4 c5 3. d5 b5 4. Qc2 Na6 5. a3 bxc4 6. e4 Nc7 7. Bxc4 e6 8. Nc3
exd5 9. exd5 d6 10. Nge2 Be7 11. O-O O-O 12. h3 Rb8 13. Ng3 Re8 14. b3 Ba6 15.
Nf5 Bxc4 16. bxc4 Na8 17. a4 Rb4 18. Nb5 Nb6 19. Ne3 a6 20. Na7 Qa8 21. Nc6 a5
22. Nxb4 axb4 23. a5 Qa6 24. Bb2 Nbd7 25. Nf5 Bf8 26. Rfe1 Rxe1+ 27. Rxe1 Qxa5
28. Qb3 Qa6 29. Ra1 Qc8 30. Qg3 Ne5 31. Nh6+ Kh8 32. Bxe5 dxe5 33. Nxf7+ Kg8
34. Nxe5 Qb8 35. Qe3 Bd6 36. Nc6 Qe8 37. Qxe8+ Nxe8 38. Ra8 Kf7 39. Kf1 Nf6 40.
Ke2 Ne4 41. f3 Ng3+ 42. Kd3 Nh5 43. Nd8+ Ke7 44. Ne6 Nf4+ 45. Nxf4 Bxf4 46.
Ra7+ Kf6 47. Ke4 Bb8 48. Rb7 Bd6 49. f4 h6 50. g4 g6 51. Rb6 Ke7 52. f5 gxf5+
53. Kxf5 1-0